| 000 | 00704nam a22002057a 4500 | ||
|---|---|---|---|
| 005 | 20240530110958.0 | ||
| 008 | 221204s1994 au a f b 000 0 eng d | ||
| 040 |
_aEG-CaGPL _cEG-CaGPL |
||
| 082 | 0 | 4 |
_221 _a690.24 _bش ح |
| 100 | 0 | _aشريف ابو المجد | |
| 245 | 1 | 0 |
_aحرائق المنشات الخرسانية / _cتاليف شريف ابو المجد ، حسن حسنى |
| 250 | _aط.1 | ||
| 260 |
_aالقاهرة : _bوزارة الثقاقة، _c1994 |
||
| 300 |
_a413 ص. ؛ _c24 سم. |
||
| 650 | 0 | 7 |
_2qrmak _aالاعمال الانشائية |
| 650 | 0 | 7 | _aالمنشأت الخرسانية |
| 651 | _2qrmak | ||
| 942 |
_2ddc _cBK |
||
| 999 |
_c67134 _d67134 |
||